000 01194aam a2200337 i 4500
001 768714001
003 CO-MdFUSB
005 20250514124019.0
007 ta
008 170605t19821989enk||||g |||| 00| 0 eng d
020 _a0-232-51814-9
040 _aCO-MdFUSB
_bspa
_cCO-MdFUSB
_dCO-MdFUSB
_erda
041 _aeng
_hfre
082 _224
_a248
_bV258c
100 1 _aVanier, Jean
_eautor
240 _aLa Communauté: Lieu du Pardon et de la Fête; Translated by the author
245 0 0 _aCommunity and growth
_c/ Jean Vanier
250 _aRevisada
264 1 _aLondon :
_bDarton, Longman and Todd,
_c℗1982
264 4 _c©1989
300 _a331 páginas
_b:
_c; 25 cm
336 _2rdacontent
_atexto
_btxt
337 _2rdamedia
_asin mediación
_bn
338 _2rdacarrier
_avolumen
_bnc
505 _aUn solo corazón, una sola alma y un solo espíritu - Caminando hacia el pacto - Misión - Crecimiento - Alimentación - Autoridad como un regalo - Otros regalos en comunidad - Bienvenidos - Reuniones - Vivir todos los días - Celebración
563 _aRústico
650 0 _919
_aVida cristiana
942 _cBK
945 _aJTF-925
999 _c46457
_d46457